Представление документа в формате RUSMARC

ПолеНазваниеЗначение
  Тип записи a
  Библиографический уровень a
001 Контрольный номер RU/CBS_UL/BASE/9898c87a9eab4d349a290b16b00561fb
005 Дата корректировки 20231205145412.0
100 Данные общей обработки __
a Данные общей обработки 20231205 ||| 0rusy0189 ca
101 Язык документа 0_
a Язык текста rus
102 Страна публикации __
a Страна публикации RU
200 Заглавие и сведения об ответственности 1_
a Заглавие Собаки российских императоров
e Сведения, относящиеся к заглавию [любимые собаки российских императоров]
f Первые сведения об ответственности Д. Сивицкий
300 Общие примечания __
a Общие примечания 16+
461 Уровень набора _0
1 2000
a Наша история
463 Уровень физической единицы _0
1 2000
a № 11
v С. 44-45 : ил
1 2101
d 2023
1 001RU/CBS_UL/BASE/317a7fa62e424e6282d7d85d4c3264b5
600 Персоналии _1
a Персоналии (Фамилия) Романовы, династия
606 Тематические рубрики 0_
a Основная рубрика Романовы (династия; 1613-1917)
610 Ключевые слова 0_
a Ключевые слова императорские династии
610 Ключевые слова 0_
a Ключевые слова династии императорские
610 Ключевые слова 0_
a Ключевые слова императорские семьи
610 Ключевые слова 0_
a Ключевые слова семьи императорские
610 Ключевые слова 0_
a Ключевые слова собаки известных людей
610 Ключевые слова 0_
a Ключевые слова миниатюрные собаки
610 Ключевые слова 0_
a Ключевые слова миниатюрные собаки при дворе
686 Индексы других классификаций __
2 Код системы rubbk
a Классификационный индекс 63.3(2)5
700 Автор _1
a Фамилия Сивицкий
b Имя (инициалы) Д.
801 Источник записи _0
a Страна RU
b Организация МБУК ЦБС г. Ульяновска
c Дата составления 20231205
g Правила каталогизации RCR
801 Источник записи _1
a Страна RU
b Организация МБУК ЦБС г. Ульяновска
c Дата составления 20231205
g Правила каталогизации RCR
901 Тип документа __
t Тип документа b
w Контрольный № источника RU/CBS_UL/BASE/317a7fa62e424e6282d7d85d4c3264b5